[Event "Barcelona Sants op 24th"]
[Site "Barcelona"]
[Date "2023.08.21"]
[Round "4"]
[White "Alsina Leal, Daniel"]
[Black "Le Goff, Ronan"]
[Result "1-0"]
[WhiteElo "2538"]
[BlackElo "2293"]
[PlyCount "147"]
[EventDate "2023.08.18"]
[EventType "swiss"]
[EventRounds "10"]
[EventCountry "ESP"]
[SourceTitle "CBM 215 Extra"]
[Source "ChessBase"]
[SourceDate "2023.09.30"]
[SourceVersion "1"]
[SourceVersionDate "2023.09.30"]
[SourceQuality "1"]

1. e4 e5 2. Nf3 Nc6 3. Bc4 Nf6 4. d3 Be7 5. 0-0 0-0 6. Nc3 d6 7. a4 Nd4 8. Nxd4 exd4 9. Ne2 d5 10. exd5 Nxd5 11. Nxd4 Nb6 12. c3 c5 13. Nc2 Nxc4 14. dxc4 Be6 15. Ne3 Bd6 16. Qf3 f5 17. Re1 f4 18. Nd5 Qd7 19. Bxf4 Bxf4 20. Nxf4 Bxc4 21. Re4 Bb3 22. Qe3 Rae8 23. g3 Rxe4 24. Qxe4 Qd2 25. Qxb7 Qxb2 26. Re1 Qxc3 27. Re3 Qa1+ 28. Kg2 Bc4 29. Nd3 Qd4 30. Qb1 Bd5+ 31. Kg1 Be4 32. Qb5 c4 33. Qe5 Qxe5 34. Nxe5 Bd5 35. Re1 c3 36. Rc1 Rc8 37. Kf1 Bb3 38. Ke2 Bxa4 39. Kd3 c2 40. Nf3 Rd8+ 41. Nd4 Rb8 42. Kd2 Rb1 43. Ne6 Rb4 44. Nc5 Rc4 45. Nxa4 Rxa4 46. Rxc2 Kf7 47. Rc6 Ra3 48. h4 Ke7 49. h5 Kd7 50. h6 Ra2+ 51. Ke3 Ra3+ 52. Ke2 Ra2+ 53. Kf3 Ra3+ 54. Kg2 gxh6 55. Rxh6 a5 56. Rxh7+ Ke6 57. Rh5 Kf6 58. g4 Kg6 59. Rf5 Ra4 60. Kg3 Ra1 61. Rb5 Ra3+ 62. f3 Ra1 63. Rb6+ Kg7 64. Ra6 Kf7 65. Kf4 a4 66. Kf5 a3 67. Ra7+ Ke8 68. f4 a2 69. g5 Kf8 70. Kf6 Ke8 71. f5 Kd8 72. g6 Kc8 73. g7 Kb8 74. Ra3 1-0

[Event "Barcelona Sants op 24th"]
[Site "Barcelona"]
[Date "2023.08.19"]
[Round "2"]
[White "Alsina Leal, Daniel"]
[Black "Molina Carretero, Daniel"]
[Result "1-0"]
[WhiteElo "2538"]
[BlackElo "2189"]
[PlyCount "137"]
[EventDate "2023.08.18"]
[EventType "swiss"]
[EventRounds "10"]
[EventCountry "ESP"]
[SourceTitle "CBM 215 Extra"]
[Source "ChessBase"]
[SourceDate "2023.09.30"]
[SourceVersion "1"]
[SourceVersionDate "2023.09.30"]
[SourceQuality "1"]

1. e4 c5 2. Nf3 d6 3. d4 cxd4 4. Nxd4 Nf6 5. Nc3 g6 6. Be3 Bg7 7. f3 Nc6 8. Qd2 0-0 9. Bc4 Bd7 10. 0-0-0 Qa5 11. Kb1 Rfc8 12. Bb3 Ne5 13. h4 h5 14. Bg5 Nc4 15. Bxc4 Rxc4 16. Bxf6 exf6 17. Nb3 Qc7 18. Nd5 Qd8 19. Ne3 Rc6 20. g4 hxg4 21. h5 f5 22. hxg6 Qf6 23. gxf7+ Kxf7 24. c3 gxf3 25. Nxf5 Bxf5 26. exf5 Qxf5+ 27. Qd3 Qxd3+ 28. Rxd3 Rf8 29. Rxf3+ Ke8 30. Re3+ Kd8 31. Na5 Rc7 32. Rd1 Rd7 33. Red3 Kc7 34. Nc4 Rfd8 35. Rd5 a6 36. a4 b6 37. Kc2 Kc6 38. Kb3 Bh6 39. Rh5 Bg7 40. Rhd5 Bh6 41. Rh5 Bg7 42. Rg5 Bf8 43. Rg6 Kc7 44. Rf1 Bg7 45. Rf5 Rf8 46. Nxd6 Rxf5 47. Nxf5 Be5 48. a5 bxa5 49. Rxa6 Rd5 50. Kc4 Rd2 51. Rxa5 Bh2 52. b4 Bg1 53. Ne7 Kb6 54. Nd5+ Kc6 55. Ra6+ Kb7 56. Rg6 Rd1 57. Rd6 Bh2 58. Rb6+ Ka7 59. Rh6 Bg1 60. Rd6 Bh2 61. Rd7+ Kb8 62. Kb5 Bg3 63. c4 Bh2 64. c5 Bg3 65. Kb6 Bc7+ 66. Rxc7 Rxd5 67. Rh7 Rd8 68. c6 Rg8 69. Rb7+ 1-0

[Event "Pobla de Lillet op 32nd"]
[Site "La Pobla de Lillet"]
[Date "2023.08.10"]
[Round "9"]
[White "Aloma Vidal, Roberto"]
[Black "Alsina Leal, Daniel"]
[Result "1-0"]
[WhiteElo "2443"]
[BlackElo "2538"]
[PlyCount "79"]
[EventDate "2023.08.02"]
[EventType "swiss"]
[EventRounds "9"]
[EventCountry "ESP"]
[SourceTitle "CBM 215 Extra"]
[Source "ChessBase"]
[SourceDate "2023.09.30"]
[SourceVersion "1"]
[SourceVersionDate "2023.09.30"]
[SourceQuality "1"]

1. Nf3 Nf6 2. g3 b5 3. Bg2 Bb7 4. 0-0 e6 5. b3 Be7 6. c4 b4 7. d3 0-0 8. Nbd2 a5 9. a4 c5 10. Bb2 d6 11. e3 Nbd7 12. Qe2 Re8 13. e4 Qc7 14. Ne1 Ne5 15. f4 Nc6 16. Nef3 Nd7 17. Rae1 Rad8 18. h4 Bf6 19. e5 Be7 20. Ne4 d5 21. cxd5 exd5 22. Nf2 Nf8 23. h5 f5 24. exf6 Bxf6 25. Qc2 Bxb2 26. Qxb2 Ne6 27. Ng4 Ned4 28. Ng5 Qd6 29. h6 gxh6 30. Nf3 Nxf3+ 31. Bxf3 Nd4 32. Qg2 Ba8 33. Re5 Nxf3+ 34. Qxf3 d4 35. Qe2 Rxe5 36. fxe5 Qc6 37. Kh2 Kh8 38. e6 Qd5 39. Nf6 Qg5 40. e7 1-0

[Event "POR-chT"]
[Site "Sao Joao da Madeira"]
[Date "2023.07.17"]
[Round "1.2"]
[White "Cumming, Rhys"]
[Black "Alsina Leal, Daniel"]
[Result "0-1"]
[WhiteElo "2337"]
[BlackElo "2519"]
[PlyCount "92"]
[EventDate "2023.07.17"]
[EventType "team-tourn"]
[EventRounds "9"]
[EventCountry "POR"]
[SourceTitle "CBM 215 Extra"]
[Source "ChessBase"]
[SourceDate "2023.09.30"]
[SourceVersion "1"]
[SourceVersionDate "2023.09.30"]
[SourceQuality "1"]
[WhiteTeam "Montemor o Velho"]
[BlackTeam "Estrelas S Joao de Brito"]
[WhiteTeamCountry "POR"]
[BlackTeamCountry "POR"]

1. e4 c5 2. Nf3 d6 3. d4 cxd4 4. Nxd4 Nf6 5. Nc3 a6 6. Be3 e5 7. Nb3 Be6 8. f3 Be7 9. Qd2 0-0 10. 0-0-0 Nbd7 11. g4 b5 12. g5 Nh5 13. Kb1 Nb6 14. Na5 Qc7 15. h4 b4 16. Nd5 Nxd5 17. exd5 Bd7 18. Qxb4 Ng3 19. Rg1 Rfb8 20. Qd2 Nxf1 21. Rgxf1 Rb5 22. Nc6 Bxc6 23. c4 Rb7 24. dxc6 Qxc6 25. Qd5 Rc8 26. f4 Qxd5 27. cxd5 f6 28. Rc1 Rxc1+ 29. Rxc1 exf4 30. Bxf4 Rb4 31. Bg3 fxg5 32. hxg5 Rg4 33. Be1 Bxg5 34. Rc8+ Kf7 35. Rc7+ Be7 36. Kc2 h5 37. Ra7 h4 38. Rxa6 h3 39. Ra3 h2 40. Rh3 Rg2+ 41. Kb3 Bf6 42. Bc3 Bxc3 43. bxc3 g5 44. a4 g4 45. Rh4 g3 46. a5 Rg1 0-1

[Event "Barbera del Valles op 45th"]
[Site "Barbera del Valles"]
[Date "2023.07.11"]
[Round "8"]
[White "Cuartas, Jaime Alexander"]
[Black "Alsina Leal, Daniel"]
[Result "1-0"]
[WhiteElo "2526"]
[BlackElo "2519"]
[PlyCount "137"]
[EventDate "2023.07.04"]
[EventType "swiss"]
[EventRounds "9"]
[EventCountry "ESP"]
[SourceTitle "CBM 215 Extra"]
[Source "ChessBase"]
[SourceDate "2023.09.30"]
[SourceVersion "1"]
[SourceVersionDate "2023.09.30"]
[SourceQuality "1"]

1. e4 c5 2. Nf3 d6 3. Bb5+ Bd7 4. a4 Nc6 5. 0-0 g6 6. c3 Nf6 7. Re1 a6 8. Bf1 Bg7 9. h3 0-0 10. d4 cxd4 11. cxd4 d5 12. e5 Ne4 13. Nc3 Nxc3 14. bxc3 Na5 15. Ba3 Rc8 16. Bb4 Nc6 17. Bc5 b6 18. Ba3 Na5 19. Bb4 Nc4 20. Bxc4 Rxc4 21. a5 bxa5 22. Rxa5 Bb5 23. Nd2 Rc6 24. Nb3 f6 25. e6 Bh6 26. Qf3 Bc4 27. Rc5 Rxc5 28. Nxc5 Qc7 29. Nd7 Re8 30. g3 Bg7 31. Bc5 Qa5 32. Rb1 Qa2 33. Rb7 Be2 34. Qf4 g5 35. Qc1 h5 36. Rb2 Qc4 37. Qe3 Bf1 38. Nb6 Qd3 39. Qxd3 Bxd3 40. Nxd5 Bf8 41. Rb7 Bc4 42. Nc7 Rc8 43. f3 f5 44. Kf2 f4 45. g4 hxg4 46. hxg4 Kg7 47. Bb4 Kf6 48. Ra7 Bxe6 49. Nxe6 Kxe6 50. Rxa6+ Kf7 51. Ra5 e6 52. Bxf8 Kxf8 53. Rc5 Rxc5 54. dxc5 e5 55. Ke2 e4 56. fxe4 Ke7 57. e5 Ke6 58. c6 Ke7 59. Kf3 Ke6 60. Ke4 Ke7 61. c4 Ke6 62. c5 Ke7 63. Kd3 Ke6 64. Kc3 Ke7 65. Kc4 Ke6 66. Kb5 f3 67. c7 Kd7 68. Kb6 f2 69. e6+ 1-0

[Event "Barbera del Valles op 45th"]
[Site "Barbera del Valles"]
[Date "2023.07.09"]
[Round "6"]
[White "Alsina Leal, Daniel"]
[Black "Ayats Llobera, Gerard"]
[Result "1-0"]
[WhiteElo "2519"]
[BlackElo "2452"]
[PlyCount "46"]
[EventDate "2023.07.04"]
[EventType "swiss"]
[EventRounds "9"]
[EventCountry "ESP"]
[SourceTitle "CBM 215 Extra"]
[Source "ChessBase"]
[SourceDate "2023.09.30"]
[SourceVersion "1"]
[SourceVersionDate "2023.09.30"]
[SourceQuality "1"]

1. e4 g6 2. d4 Bg7 3. Nc3 d6 4. Bg5 c6 5. Qd2 b5 6. f4 b4 7. Nce2 Nd7 8. Nf3 Ngf6 9. Ng3 0-0 10. Bd3 Qb6 11. f5 c5 12. h4 cxd4 13. h5 Ne5 14. Nxe5 dxe5 15. hxg6 fxg6 16. Bc4+ e6 17. 0-0-0 gxf5 18. Bxf6 Rxf6 19. Nxf5 Bf8 20. Qg5+ Rg6 21. Ne7+ Bxe7 22. Qxe7 Qb7 23. Qe8+ Kg7 1-0

[Event "Barbera del Valles op 45th"]
[Site "Barbera del Valles"]
[Date "2023.07.05"]
[Round "2"]
[White "Alsina Leal, Daniel"]
[Black "Alcala Gonzalez, Cesar"]
[Result "1-0"]
[WhiteElo "2519"]
[BlackElo "2329"]
[PlyCount "91"]
[EventDate "2023.07.04"]
[EventType "swiss"]
[EventRounds "9"]
[EventCountry "ESP"]
[SourceTitle "CBM 215 Extra"]
[Source "ChessBase"]
[SourceDate "2023.09.30"]
[SourceVersion "1"]
[SourceVersionDate "2023.09.30"]
[SourceQuality "1"]

1. e4 c6 2. Nf3 d5 3. d3 Qc7 4. Nc3 dxe4 5. dxe4 e5 6. Bc4 b5 7. Bb3 h6 8. Qe2 Nf6 9. a4 b4 10. Nd1 Be7 11. Bc4 0-0 12. g4 Nh7 13. Rg1 Nd7 14. g5 hxg5 15. Nxg5 Nxg5 16. Bxg5 Bxg5 17. Rxg5 Nc5 18. Qf3 Be6 19. Qf6 g6 20. Qxe5 Qxe5 21. Rxe5 Bxc4 22. Rxc5 Ba6 23. Ne3 Rfe8 24. f3 Re6 25. Kf2 Rd8 26. Rd1 Rxd1 27. Nxd1 Rd6 28. Ne3 Rd2+ 29. Kg3 Bb7 30. b3 Kf8 31. h4 Ke7 32. h5 gxh5 33. Rxh5 Re2 34. Kf4 Bc8 35. Rh8 Be6 36. Ra8 Kd6 37. Rxa7 Kc5 38. Rb7 Re1 39. Rb8 Re2 40. Rd8 Re1 41. Rd2 Rh1 42. Nf5 Rh8 43. Nd4 Bc8 44. Ke3 f6 45. Ne2 f5 46. e5 1-0

[Event "Aimchess Play In op"]
[Site "Chess.com INT"]
[Date "2023.06.12"]
[Round "6"]
[White "Aditya, Mittal"]
[Black "Alsina Leal, Daniel"]
[Result "1-0"]
[WhiteElo "2551"]
[BlackElo "2518"]
[PlyCount "127"]
[EventDate "2023.06.12"]
[EventType "swiss (rapid)"]
[EventRounds "9"]
[EventCountry "USA"]
[SourceTitle "CBM 214 Extra"]
[Source "ChessBase"]
[SourceDate "2023.07.31"]
[SourceVersion "1"]
[SourceVersionDate "2023.07.31"]
[SourceQuality "1"]

1. d4 d5 2. c4 e6 3. Nc3 Nf6 4. cxd5 exd5 5. Bg5 Bb4 6. e3 h6 7. Bxf6 Qxf6 8. Qb3 Qd6 9. a3 Bxc3+ 10. Qxc3 Bf5 11. Ne2 0-0 12. Ng3 Bg6 13. h4 Nd7 14. h5 Bh7 15. Bd3 Bxd3 16. Qxd3 c5 17. dxc5 Nxc5 18. Qc3 d4 19. Qxd4 Qxd4 20. exd4 Rfe8+ 21. Ne2 Nd3+ 22. Kd2 Nxf2 23. Rhf1 Ne4+ 24. Kd3 Nf6 25. Rf5 Rad8 26. Nc3 Rd7 27. Raf1 Red8 28. R1f4 Nh7 29. d5 Nf6 30. Rd4 Rd6 31. Re5 Nd7 32. Re1 Nf6 33. Re5 Nd7 34. Rf5 g6 35. hxg6 fxg6 36. Rf1 Kg7 37. Re1 Kf7 38. Rf4+ Nf6 39. Kc4 g5 40. Rf5 Kg6 41. Rfe5 Rc8+ 42. Kd4 Rcd8 43. Re6 Rxe6 44. Rxe6 Kf5 45. Re7 Rd7 46. Re5+ Kg6 47. Na4 b6 48. Nc3 h5 49. Kc4 h4 50. Kd4 g4 51. Ne2 Nh5 52. Ke4 h3 53. gxh3 gxh3 54. Kf3 Rf7+ 55. Kg4 Nf6+ 56. Kxh3 Rd7 57. Nf4+ Kf7 58. Kh4 Re7 59. Rf5 Kg7 60. Ne6+ Kg6 61. Rg5+ Kh6 62. Nf4 Re4 63. Rg6+ Kh7 64. Rxf6 1-0

[Event "Aimchess Play In op"]
[Site "Chess.com INT"]
[Date "2023.06.12"]
[Round "7"]
[White "Alsina Leal, Daniel"]
[Black "Manukyan, Sargis A"]
[Result "0-1"]
[WhiteElo "2518"]
[BlackElo "2158"]
[PlyCount "88"]
[EventDate "2023.06.12"]
[EventType "swiss (rapid)"]
[EventRounds "9"]
[EventCountry "USA"]
[SourceTitle "CBM 214 Extra"]
[Source "ChessBase"]
[SourceDate "2023.07.31"]
[SourceVersion "1"]
[SourceVersionDate "2023.07.31"]
[SourceQuality "1"]

1. e4 c5 2. Nf3 d6 3. Bb5+ Bd7 4. Bxd7+ Qxd7 5. c4 Nc6 6. d4 cxd4 7. Nxd4 Nf6 8. Nc3 g6 9. f3 Bg7 10. Be3 0-0 11. 0-0 Rfc8 12. b3 a6 13. Nxc6 Qxc6 14. Rc1 b5 15. Nd5 Nxd5 16. cxd5 Qb7 17. Qd2 Rxc1 18. Rxc1 Rc8 19. Rc2 Kf8 20. Qc1 Rxc2 21. Qxc2 Ke8 22. Kf2 Kd7 23. Ke2 e6 24. dxe6+ fxe6 25. h4 Be5 26. h5 gxh5 27. Kf2 Qc6 28. Qb1 Qc3 29. Qd1 Bf6 30. f4 Qb2+ 31. Kf3 Qc3 32. Kf2 Bh4+ 33. Kf3 Qg7 34. Ke2 Qxg2+ 35. Kd3 d5 36. Qxh5 Qxe4+ 37. Kd2 d4 38. Qxh4 Qxe3+ 39. Kd1 Qd3+ 40. Kc1 Qc3+ 41. Kb1 d3 42. Qxh7+ Kd6 43. Qh2 Qe1+ 44. Kb2 Qe2+ 0-1